The Outsiders: Original Broadway Cast Recording - Statistics

General Stats
  • This quiz has been taken 273 times
  • The average score is 16 of 19
Answer Stats
Answer % Correct
Stay Gold
94%
Tulsa '67
93%
Run Run Brother
90%
Runs in the Family
90%
Grease Got a Hold
89%
Great Expectations
88%
Friday at the Drive-in
87%
Justice for Tulsa
87%
Little Brother
86%
I Could Talk to You All Night
85%
Soda's Letter
84%
Throwing in the Towel
84%
Runs in the Family (Reprise)
83%
Far Away From Tulsa
82%
Death's at My Door
80%
Hopeless War
78%
Trouble
72%
Hoods Turned Heroes
69%
Finale (Tulsa '67)
66%
No matching quizzes found
Score Distribution
Percent of People with Each Score
Percentile by Number Answered
Your Score History
You have not taken this quiz